Ciclo de foros sobre la contribución del proceso de integración y los acuerdos de libre comercio a la dinamización del desarrollo regional.
| Main Author: | |
|---|---|
| Format: | Section = Libro |
| Language: | Undetermined Spanish |
| Published: |
Managua
UCA
2004
|
| Subjects: |
| LEADER | 00714nam a2200205Ia 4500 | ||
|---|---|---|---|
| 008 | 240829s9999 xx 000 0 und d | ||
| 040 | |a BIBLIOTECA-RUSB/ 382.71 N583 | ||
| 041 | |a spa | ||
| 082 | |a 382.71 N583 | ||
| 100 | 1 | |a Nicaragua. Universidad Centroamericana | |
| 245 | 1 | 0 | |a Ciclo de foros sobre la contribución del proceso de integración y los acuerdos de libre comercio a la dinamización del desarrollo regional. |
| 260 | |a Managua |b UCA |c 2004 | ||
| 300 | |a p. irreg. :il. | ||
| 650 | 7 | |a LIBRE COMERCIO - TRATADOS COMERCIALES | |
| 650 | 7 | |b COMERCIO - PROCESO DE INTEGRACION | |
| 650 | 7 | |c INTEGRACION ECONOMICA CENTROAMERICANA | |
| 650 | 7 | |d UNION ADUANERA | |
| 942 | |c BK |2 ddc | ||
| 991 | |a TEXTO | ||
| 999 | |c 1181 | ||